| 000 | 00701pam a2200241 a 4500 | ||
|---|---|---|---|
| 008 | |||
| 020 | _a0521432154 | ||
| 020 | _a0521437997 (pbk.) | ||
| 049 | _aMAIN | ||
| 090 | 0 | _aQ172.5.C45 OTT | |
| 100 | 1 | _aOtt, Edward. | |
| 245 | 1 | 0 |
_aChaos in dynamical systems / _cEdward Ott. |
| 260 |
_aCambridge : _bCambridge University Press, _c1993. |
||
| 300 |
_axii, 385 p. : _bill. ; _c27 cm. |
||
| 504 | _aIncludes bibliographical references. | ||
| 500 | _aIncludes index. | ||
| 650 | 0 | _aChaotic behavior in systems. | |
| 907 |
_a.b1023505x _b01-04-08 _c26-02-07 |
||
| 003 | |||
| 005 | 20230123134411.0 | ||
| 040 | _cNUST | ||
| 942 |
_cBOOKS _kQ172.5.C45 OTT |
||
| 999 |
_c165271 _d165271 |
||